Materials science and engineering : an introduction (Record no. 1004)
[ view plain ]
| 000 -LEADER | |
|---|---|
| Fixed length control field | 00501nam a2200181 4500 |
| 003 - CONTROL NUMBER IDENTIFIER | |
| Control field | SEACOMEC |
| 005 - DATE AND TIME OF LATEST TRANSACTION | |
| Control field | 20240506104601.0 |
| 008 - FIXED-LENGTH DATA ELEMENTS--GENERAL INFORMATION | |
| Fixed length control field | 240506b |||||||| |||| 00| 0 eng d |
| 020 ## - INTERNATIONAL STANDARD BOOK NUMBER / ISBN | |
| International Standard Book Number | 9788126508136 |
| Price | Rs.449.00 |
| 040 ## - CATALOGING SOURCE | |
| Original cataloging agency | SEACOMEC |
| 082 ## - DEWEY DECIMAL CLASSIFICATION NUMBER | |
| Classification number | 620.11015 |
| Book Number | C159 |
| 100 ## - MAIN ENTRY--PERSONAL NAME | |
| Personal name | : Callister, William D. |
| 245 1# - TITLE STATEMENT | |
| Title | Materials science and engineering : an introduction |
| Statement of responsibility | William D. Callister. |
| 250 ## - EDITION STATEMENT | |
| Edition statement | 6th ed. |
| 260 ## - IMPRINT | |
| Place of publication | New Delhi |
| Name of publisher | John Wiley |
| Date of publication | 2006 |
| 650 ## - SUBJECT ADDED ENTRY--TOPICAL TERM | |
| Topical term | Materials |
| 942 ## - ADDED ENTRY ELEMENTS (KOHA) | |
| Koha item type | Books |
| Withdrawn status | Lost status | Source of classification | Damaged status | Not for loan | Home library | Current library | Date acquired | Total Checkouts | Call number | Accession number | Date last seen | Price effective from | Koha item type | Copy number |
|---|---|---|---|---|---|---|---|---|---|---|---|---|---|---|
| Dewey Decimal Classification | SEACOM ENGINEERING COLLEGE | SEACOM ENGINEERING COLLEGE | 29/08/2007 | 620.11015 C159 | 8411 | 06/05/2024 | 06/05/2024 | Books | ||||||
| Dewey Decimal Classification | SEACOM ENGINEERING COLLEGE | SEACOM ENGINEERING COLLEGE | 29/08/2007 | 620.11015 C159 | 8412 | 06/05/2024 | 06/05/2024 | Books | 1 | |||||
| Dewey Decimal Classification | SEACOM ENGINEERING COLLEGE | SEACOM ENGINEERING COLLEGE | 29/08/2007 | 620.11015 C159 | 8413 | 06/05/2024 | 06/05/2024 | Books | 2 | |||||
| Dewey Decimal Classification | SEACOM ENGINEERING COLLEGE | SEACOM ENGINEERING COLLEGE | 29/08/2007 | 620.11015 C159 | 8414 | 06/05/2024 | 06/05/2024 | Books | 3 | |||||
| Dewey Decimal Classification | SEACOM ENGINEERING COLLEGE | SEACOM ENGINEERING COLLEGE | 29/08/2007 | 620.11015 C159 | 8415 | 06/05/2024 | 06/05/2024 | Books | 4 |
